000 00982nam a2200265Ia 4500
003 OSt
005 20220923211034.0
006 a|||||r|||| 00| 0
007 ta
008 Pun
020 _a8171433154
_c150
024 _a260,760
037 _b643, 22/03/2012, H.K. Prakashan
_cTextual
040 _aARTS
_cARTS
_bPun
041 _2Pun
_aPun
082 _aO153,1N58:g, P2
100 _aਧਾਲੀਵਾਲ, ਬਲਦੇਵ ਸਿੰਘ, ਥਦ.
_9157424
245 0 _aਸਵਰਨਜੀਤ ਸਵੀ ਦਾ ਕਾਵਿ ਪ੍ਰਵਚਨ
260 _aਅੰਮ੍ਰਿਤਸਰ
_b ਰਵੀ ਸਾਹਿਤ ਪ੍ਰਕਾFਨ
_c2002
300 _a216ਪੰ
_ccm.
650 _a ਕਾਵਿ ਪੰਜਾਬੀ ਆਲੋਚਨਾ
_9157425
650 _aਪੰਜਾਬੀ ਸਾਹਿਤ
942 _hO153,1N58:g, P2
_cTEXL
_2CC
999 _c294320
_d294320